书目信息 |
| 题名: |
运动解剖学实验复习指导
|
|
| 作者: | 李月玲 编 | |
| 分册: | ||
| 出版信息: | 北京 高等教育出版社 1989.1 |
|
| 页数: | 238页 | |
| 开本: | 20cm | |
| 丛书名: | ||
| 单 册: | ||
| 中图分类: | G804.4 | |
| 科图分类: | ||
| 主题词: | 运动解剖--实验--高等学校--教学参考资料 | |
| 电子资源: | ||
| ISBN: | 7-04-001166-2 | |
| 000 | 00736nam0 2200229 45 | |
| 001 | 0189000864 | |
| 005 | 20070707172646.05 | |
| 010 | @a7-04-001166-2@dCNY2.45 | |
| 100 | @a19900806d1989 m y0chiy0120 ea | |
| 101 | 0 | @achi |
| 102 | @aCN@b110000 | |
| 105 | @ay j 000yy | |
| 200 | 10 | @a运动解剖学实验复习指导@Ayun dong jie pou xue shi yan fu xi zhi dao@f李月玲等编@Fli yue ling deng bian |
| 210 | @a北京@c高等教育出版社@d1989.1@h1992 | |
| 215 | @a238页@d20cm | |
| 300 | @a高等学校试用教材 | |
| 540 | 1 | @a运动 解剖学 实验@Ayun dong jie pou xue shi yan |
| 606 | @a运动解剖@x实验@x高等学校@x教学参考资料 | |
| 690 | @aG804.4@v4 | |
| 701 | 0 | @a李月玲@Ali yue ling@4编 |
| 801 | 0 | @aCN@bTSSF@c20070707 |
| 905 | @a10447@dG804.4@e258 | |
| 运动解剖学实验复习指导/李月玲等编.-北京:高等教育出版社,1989.1(1992) |
| 238页;20cm |
| 高等学校试用教材 |
| ISBN 7-04-001166-2:CNY2.45 |
| ● |
| 相关链接 |
|
|
|
|
正题名:运动解剖学实验复习指导
索取号:G804.4/258
 
预约/预借
| 序号 | 登录号 | 条形码 | 馆藏地/架位号 | 状态 | 备注 |
| 1 | 0402164 | 204021646 | 第一样本阅览室/ [索取号:G804.4/258] | 在馆 | |
| 2 | 0402165 | 204021655 | 密集书库/ [索取号:G804.4/258] | 在馆 | |
| 3 | 0402166 | 204021664 | 密集书库/ [索取号:G804.4/258] | 在馆 | |
| 4 | 0402167 | 204021673 | 密集书库/ [索取号:G804.4/258] | 在馆 | |
| 5 | 0402168 | 204021682 | 密集书库/ [索取号:G804.4/258] | 在馆 | |
| 6 | 0402169 | 204021691 | 密集书库/ [索取号:G804.4/258] | 在馆 | |
| 7 | 0402170 | 204021708 | 密集书库/ [索取号:G804.4/258] | 在馆 | |
| 8 | 0402171 | 204021717 | 密集书库/ [索取号:G804.4/258] | 在馆 | |
| 9 | 0402172 | 204021726 | 密集书库/ [索取号:G804.4/258] | 在馆 | |
| 10 | 0402173 | 204021735 | 密集书库/ [索取号:G804.4/258] | 在馆 | |
| 11 | 0402174 | 204021744 | 密集书库/ [索取号:G804.4/258] | 在馆 | |
| 12 | 0402175 | 204021753 | 密集书库/ [索取号:G804.4/258] | 在馆 | |
| 13 | 0402176 | 204021762 | 密集书库/ [索取号:G804.4/258] | 在馆 | |
| 14 | 0402177 | 204021771 | 密集书库/ [索取号:G804.4/258] | 在馆 | |
| 15 | 0402178 | 204021780 | 密集书库/ [索取号:G804.4/258] | 在馆 | |
| 16 | 0402179 | 204021799 | 密集书库/ [索取号:G804.4/258] | 在馆 | |
| 17 | 0402180 | 204021806 | 密集书库/ [索取号:G804.4/258] | 在馆 | |
| 18 | 0402181 | 204021815 | 密集书库/ [索取号:G804.4/258] | 在馆 | |
| 19 | 0402182 | 204021824 | 密集书库/ [索取号:G804.4/258] | 在馆 | |
| 20 | 0402183 | 204021833 | 密集书库/ [索取号:G804.4/258] | 在馆 | |
| 21 | 0402184 | 204021842 | 密集书库/ [索取号:G804.4/258] | 在馆 | |
| 22 | 0402185 | 204021851 | 密集书库/ [索取号:G804.4/258] | 在馆 | |
| 23 | 0402186 | 204021860 | 密集书库/ [索取号:G804.4/258] | 在馆 | |
| 24 | 0402187 | 204021879 | 密集书库/ [索取号:G804.4/258] | 在馆 | |
| 25 | 0402188 | 204021888 | 密集书库/ [索取号:G804.4/258] | 在馆 | |
| 26 | 0402189 | 204021897 | 密集书库/ [索取号:G804.4/258] | 在馆 | |
| 27 | 0402190 | 204021904 | 密集书库/ [索取号:G804.4/258] | 在馆 | |
| 28 | 0402191 | 204021913 | 密集书库/ [索取号:G804.4/258] | 在馆 | |
| 29 | 0402192 | 204021922 | 密集书库/ [索取号:G804.4/258] | 在馆 | |
| 30 | 0402193 | 204021931 | 密集书库/ [索取号:G804.4/258] | 在馆 | |
| 31 | 0402194 | 204021940 | 密集书库/ [索取号:G804.4/258] | 在馆 | |
| 32 | 0654725 | 206547254 | 库房3/ [索取号:G804.4/258] | 在馆 | |
| 33 | 0765765 | 207657659 | 密集书库/ [索取号:G804.4/258] | 在馆 | |
| 34 | 0765766 | 207657668 | 密集书库/ [索取号:G804.4/258] | 在馆 | |
| 35 | 0768665 | 207686654 | 密集书库/ [索取号:G804.4/258] | 在馆 | |
| 36 | 0768703 | 207687038 | 密集书库/ [索取号:G804.4/258] | 在馆 | |
| 37 | 0768705 | 207687056 | 密集书库/ [索取号:G804.4/258] | 在馆 |